000 00784nam a2200217Ii 4500
003 JO-AjNU
008 230605s9999||||xx |||||||||||||| ||und||
017 _a1976/4259
020 _a977-266-066
040 _aJO-AjNU
_bara
_erda
_cJO-AjNU
041 _aara
050 1 4 _aLB875.D35
100 3 _aديوي،جون مؤلف/رمضان،محمد رفعت مترجم/إسكندر،نجيب مترجم/بدران،محمد مراجع,
_eauthor
_920843
245 0 0 _aالخبرة والتربية
264 3 1 _aالقاهرة:مكتبة الأنجلو المصرية،1976
300 _a121ص
336 _atext
_btxt
_2rdacontent
337 _aunmediated
_bn
_2rdamedia
338 _avolume
_bnc
_2rdacarrier
650 4 _aالتربية-فلسفة. التعليم-فلسفة.
_920844
999 _aA7140
_c10708
_d10708